Представление документа в формате RUSMARC

ПолеНазваниеЗначение
  Тип записи a
  Библиографический уровень m
001 Контрольный номер f741964c54e44ecc8eb8e40222245c9e
005 Дата корректировки 20140526192812.1
200 Заглавие и сведения об ответственности __
a Заглавие Как управлять персоналом
e Сведения, относящиеся к заглавию 3-е изд., перераб.и доп.
f Первые сведения об ответственности Старобинский Эдуард Евгеньевич.
210 Выходные данные __
a Место издания М.
c Издательство ЗАО "Бух.бюл."
d Дата издания 1997
215 Физическое описание __
a Объем 336
606 Тематические рубрики __
a Основная рубрика менеджмент
610 Ключевые слова __
a Ключевые слова управление персоналом
686 Индексы других классификаций __
a Классификационный индекс 65.050
2 Код системы rubbk
686 Индексы других классификаций __
a Классификационный индекс 65.050.9(2)28
2 Код системы rubbk
700 Автор __
a Фамилия Старобинский Эдуард Евгеньевич.
801 Источник записи _0
a Страна RU
b Организация РУК
c Дата составления 20000731
g Правила каталогизации PSBO
801 Источник записи _1
a Страна RU
b Организация РУК
c Дата составления 20000731
g Правила каталогизации PSBO
852 Данные о местонахождении __
i Авторский знак С77
j Шифр хранения 65.050.9(2)28
901 Тип документа __
t Тип документа m
938 Служебная информация __
a Название организации Головной вуз
b Имя БД BOOK
c Название АИБС АИБС ИРБИС